Manual for University Laws in Pakistan [vol 1] (Record no. 355)
[ view plain ]
| 000 -LEADER | |
|---|---|
| fixed length control field | 00343 a2200109 4500 |
| 020 ## - INTERNATIONAL STANDARD BOOK NUMBER | |
| International Standard Book Number | 9698961011 |
| 082 ## - DEWEY DECIMAL CLASSIFICATION NUMBER | |
| Classification number | 340.05491 ISA |
| 100 ## - MAIN ENTRY--PERSONAL NAME | |
| Personal name | Dr Captain U. A. G. Isani |
| 245 ## - TITLE STATEMENT | |
| Title | Manual for University Laws in Pakistan [vol 1] |
| Statement of responsibility, etc. | Dr Captain U. A. G. Isani |
| 260 ## - PUBLICATION, DISTRIBUTION, ETC. | |
| Place of publication, distribution, etc. | Karachi : |
| Name of publisher, distributor, etc. | Iqra University, |
| Date of publication, distribution, etc. | 2006 |
| 300 ## - PHYSICAL DESCRIPTION | |
| Extent | xii, 733p. : |
| Other physical details | ill ., ; |
| Dimensions | 28 cm |
| 650 ## - SUBJECT ADDED ENTRY--TOPICAL TERM | |
| Topical term or geographic name entry element | University Laws |
| Withdrawn status | Lost status | Damaged status | Not for loan | Permanent Location | Current Location | Shelving location | Date acquired | Total Checkouts | Full call number | Barcode | Date last seen | Price effective from | Koha item type |
|---|---|---|---|---|---|---|---|---|---|---|---|---|---|
| School of Civil and Environmental Engineering (SCEE) | School of Civil and Environmental Engineering (SCEE) | 340.05491 ISA | NIT-2779 | 01/05/2017 | 01/05/2017 | Book |
